| 000 | 00676nam a2200157 i 4500 | ||
|---|---|---|---|
| 001 | 183821 | ||
| 003 | ES-MaACL | ||
| 005 | 20230906221957.0 | ||
| 007 | t| | ||
| 008 | 160628s1879 sp ||||1| spa d | ||
| 245 | 0 | 0 |
_aBrevísima reseña de las conferencias académicas celebradas en el Instituto del Cardenal Cisneros durante el curso de 1878 a 1879 : _bobsequio del director del Instituto a los alumnos que han asistido a estas conferencias. |
| 260 |
_aMadrid : _b[s.n.], _c1879 ( _fImp. de Aribau y Cª) |
||
| 300 |
_a101 p. ; _c15 cm. |
||
| 710 | 2 |
_aInstituto de Enseñanza Media Cardenal Cisneros (Madrid) _94869 |
|
| 852 |
_aES-MaACL _jT-408-F-8 _z.- Donat. A. F. Vallin |
||
| 999 |
_c183821 _d183821 |
||